000 00936nam a2200361Ia 4500
001 7632
008 191123s9999 xx 000 0 und d
041 _aspa
044 _aag
100 _aSchenone, Héctor H.,
245 0 _aEl arte .
260 _aBuenos Aires :
_bPlaneta,
_c1999.
300 _a36 p.
500 _aApartado de la Nueva Historia de la Nación Argentina. Tomo III segunda parte La Argentina en los siglos XVII y XVIII
504 _abibliografía pp. 364-368
650 _aBUENOS AIRES
650 _aCORDOBA
650 _aESCULTURAS NORTEÑAS
650 _aICONOGRAFIA RELIGIOSA
650 _aMISIONES JESUITICAS
650 _aMOBILIARIO RELIGIOSO
650 _aORFEBRERIA
650 _aPINTURAS NORTEÑAS
650 _aRETABLOS
902 _aM
903 _am
904 _am
907 _aimpreso
911 _ailus. b/n ; 24 cm
912 _a1999
942 _cLIBRO
999 _c5349
_d5349